000 01042nam a2200241 i 4500
001 83104
003 ES-MaACL
005 20250907063051.0
007 t|
008 310518s1918 sp a |||| | spa d
100 1 _aMotos, Federico de,
_d1865-1931
_9152477
245 1 0 _aLa edad neolítica en Vélez Blanco /
_cpor Federico de Motos.
260 _aMadrid :
_bMuseo Nacional de Ciencias Naturales,
_c1918.
300 _a81 p. :
_bil. ;
_c27 cm.
490 1 _aComisión de Investigaciones Paleontológicas y Prehistóricas.
_aMemoria ;
_v19
594 _aPrecede al tít.: Junta para la Ampliación de Estudios e Investigaciones Científicas.
650 4 _aNeolítico-
_zVélez-Blanco.
_9164875
651 4 _aVélez-Blanco-
_xRestos arqueológicos prehistóricos.
_9164876
710 2 _aJunta para la Ampliación de Estudios e Investigaciones Científicas.
_95413
830 0 0 _aComisión de Investigaciones Paleontológicas y Prehistóricas. Memoria
_v19
_9183771
852 _aES-MaACL
_jB-13004(4)
999 _c83104
_d83104